Ley Orgánica del Poder Judicial de 15 de septiembre de 1870 y Ley adicional a la misma de 14 de octubre de 1882 (Record no. 153769)

MARC details
000 -LEADER
campo de control de longitud fija 01057nam a2200229 i 4500
001 - NÚMERO DE CONTROL
campo de control 153769
003 - IDENTIFICADOR DE NÚMERO DE CONTROL
campo de control ES-MaACL
005 - FECHA Y HORA DE LA ÚLTIMA TRANSACCIÓN
campo de control 20250827062632.0
008 - DATOS DE LONGITUD FIJA--INFORMACIÓN GENERAL
campo de control de longitud fija 010426s1885 sp l |||| | spa d
110 1# - ENTRADA PRINCIPAL--NOMBRE DE ENTIDAD CORPORATIVA
Nombre de entidad corporativa o nombre de jurisdicción como elemento de entrada España
9 (RLIN) 3622
240 #0 - TÍTULO UNIFORME
Título uniforme Ley Orgánica del poder judicial, 1870
245 10 - MENCIÓN DEL TÍTULO
Título Ley Orgánica del Poder Judicial de 15 de septiembre de 1870 y Ley adicional a la misma de 14 de octubre de 1882
Resto del título : ampliadas con notas ... y con la ley de organización y atribuciones de los Tribunales de Guerra de 10 de marzo de 1884 /
Mención de responsabilidad, etc. publicadas por la redacción de El consultor de los Ayuntamientos y de los Juzgado Municipales.
250 ## - MENCION DE EDICION
Mención de edición 6ª ed.
260 ## - PUBLICACIÓN, DISTRIBUCIÓN, ETC.
Lugar de publicación, distribución, etc. Madrid :
Nombre del editor, distribuidor, etc. [s.n.],
Fecha de publicación, distribución, etc. 1885 (
Fabricante Imp. de E. de la Riva)
300 ## - DESCRIPCIÓN FÍSICA
Extensión 406 p. ;
Dimensiones 19 cm.
650 04 - PUNTO DE ACCESO ADICIONAL DE MATERIA--TÉRMINO DE MATERIA
Término de materia o nombre geográfico como elemento de entrada Poder judicial-
Subdivisión geográfica España.
9 (RLIN) 16148
710 2# - ENTRADA AGREGADA--NOMBRE DE ENTIDAD CORPORATIVA
Nombre de entidad corporativa o nombre de jurisdicción como elemento de entrada El Consultor de los Ayuntamientos y de los Juzgados.
9 (RLIN) 3454
740 02 - ENTRADA AGREGADA--TÍTULO RELACIONADO/ANALÍTICO NO CONTROLADO
Título relacionado o analítico no controlado Ley de organización y atribuciones de los Tribunales de Guerra.
752 ## - ENTRADA AGREGADA--NOMBRE JERÁRQUICO DEL LUGAR
País o entidad superior España -
Ciudad Madrid
852 ## - LOCALIZACIÓN
Ubicación ES-MaACL
Número de control de estantería D-1245
Nota libre - Rust.
Holdings
Estatus retirado Estado de pérdida Estado de daño No para préstamo Colección Biblioteca de origen Biblioteca actual Ubicación en estantería Fecha de adquisición Fuente de adquisición Total de préstamos Signatura topográfica completa Código de barras Visto por última vez Precio de reemplazo Tipo de ítem Koha
        Libros del s. XIX Biblioteca del Ateneo de Madrid Biblioteca del Ateneo de Madrid Sala Valle Inclán 17/01/2008     D-1245 901160764 23/02/2023 23/02/2023 Libro impreso antiguo